Inspection and Quality Control (Record no. 8150)

MARC details
000 -LEADER
fixed length control field 00292nam a2200121Ia 4500
008 - FIXED-LENGTH DATA ELEMENTS--GENERAL INFORMATION
fixed length control field 191201s2015 xx 000 0 und d
100 ## - MAIN ENTRY--PERSONAL NAME
Personal name BAJAJ, Sandeep
245 #0 - TITLE STATEMENT
Title Inspection and Quality Control
250 ## - EDITION STATEMENT
Edition statement Rev
260 ## - PUBLICATION, DISTRIBUTION, ETC. (IMPRINT)
Date of publication, distribution, etc 2015-16
Name of publisher, distributor, etc Donated
Place of publication, distribution, etc New Delhi
300 ## - PHYSICAL DESCRIPTION
Extent 152
942 ## - ADDED ENTRY ELEMENTS (KOHA)
Source of classification or shelving scheme Dewey Decimal Classification
Koha item type Text Books
Holdings
Withdrawn status Lost status Source of classification or shelving scheme Damaged status Not for loan Collection code Home library Current library Date acquired Source of acquisition Bill Number Total Checkouts Full call number Acc. no. / Barcode Date last seen Bill Date Koha item type Public note
    Dewey Decimal Classification     Diploma in Mechanical PIET C-LIBRARY PIET C-LIBRARY 17/02/2015 DONATED DONATED   658.568 BAI DE1262 04/12/2019 17/02/2015 Text Books DONATED

Design & Developed by: PIET Central Library
R70 Miles Stone Pattikalyana Samalkha Panipat 132102
mail ID :- [email protected], Phone No:- 0180-2569700 Ex.216